000 00901nam1a22002531i 4500
001 rc\266549
005 20240723214356.0
010 _a530000006X
035 _a(NLR Aleph) 005624541
090 _a6522936
_c6522936
100 _a20030307d1995 u |0rusy50 ca
101 0 _arus
102 _aRU
105 _ay |||||||||
200 1 _aСочинения
_eВ 3 т.
_e[Пер. с англ.]
_fУилки Коллинз
_g[Вступ. ст. И. Панкеева
_gХудож. М. Петров]
210 _aМ.
_cИзд. центр "Терра"
_d1995
215 _d22
225 1 _aБольшая библиотека приключений и научной фантастики
300 _aНа пер. только авт. и загл. т.
700 1 _aКоллинз
_bУ.
_f1824-1889
_gУилки
801 0 _aRU
_bNLR
_gpsbo
801 1 _aRU
_bELAR
_2rusmarc
852 _aNLR
_j96-5/116
942 _cBOOK